ბათუმის შოთა რუსთაველის სახელმწიფო უნივერსიტეტის ბიბლიოთეკა

საქართველოს კომუნისტური პარტიის მოღვაწეობა რესპუბლიკაში ჩაის საბჭოთა მეურნეობების შექმნისა და განვითარებისათვის : (ბიბ.ჩანაწერი № 63483)

000 -ლიდერი
ფიქსირებული სიგრძის საკონტროლო ველი 01093nam a22001817a 4500
003 - საკონტროლო ნომრის იდენტიფიკატორი
საკონტროლო ველი Ge_BSU
005 - ბოლო ოპერაციის თარიღი და დრო
საკონტროლო ველი 20251017160642.0
008 - ფიქსირებული სიგრძის მონაცემთა ელემენტები - ზოგადი ინფორმაცია
ფიქსირებული სიგრძის საკონტროლო ველი 251017s1975 ge ||||| |||| 00| 0 geo d
041 ## - ენის კოდი
Language code of text/sound track or separate title geo
080 ## - უნივერსალური ათობითი კლასიფიკაციის ინდექსი
Universal Decimal Classification number 329.150.1(479.22) : 631.115.71 წ-89
100 ## - მთავარი ჩანაწერი - პიროვნების სახელი
Personal name წურწუმია, ირ.
9 (RLIN) 26050
245 ## - ცნობა სათაურის შესახებ
Title საქართველოს კომუნისტური პარტიის მოღვაწეობა რესპუბლიკაში ჩაის საბჭოთა მეურნეობების შექმნისა და განვითარებისათვის :
Remainder of title (1921-1970).
Statement of responsibility, etc ირ. წურწუმია.
264 ## - წარმოების, გამოცემის, დისტრიბუციის და სხვა ცნობები
გამოცემის, წარმოების, დისტრიბუციის... ადგილი სოხუმი :
გამოცემის, წარმოების, დისტრიბუციის... სახელწოდება ალაშარა,
გამოცემის, წარმოების, დისტრიბუციის... თარიღი 1975.
300 ## - ფიზიკური აღწერა
Extent 127 გვ. ;
Other physical details 22 სმ.
653 ## - INDEX TERM--UNCONTROLLED
Uncontrolled term საქართველოს კომუნისტური პარტიის ისტორია
653 ## - INDEX TERM--UNCONTROLLED
Uncontrolled term ჩაის საბჭოთა მეურნეობების ისტორია საქართველოში
942 ## - ADDED ENTRY ELEMENTS (KOHA)
Source of classification or shelving scheme
Koha item type წიგნი
ეგზემპლარები
ჩამოწერის სტატუსი დაკარგული ეგზემპლარის სტატუსი კლასიფიკაციის წყარო ან თაროზე გაწყობის სქემა დაზიანების სტატუსი არ გაიცემა მუდმივი მდებარეობა (დაცვის ადგილი) ამჟამინდელი ადგილსამყოფელი თაროზე განთავსების ადგილი შეძენის თარიღი ღირებულება, შესყიდვის ნორმალური ფასი სრული შენახვის შიფრი შტრიხკოდი ბოლო ოპერაციის თარიღი ეგზემპლარის მიმდევრობითი ნომერი (კეტერი?) ფასის ძალაში შესვლის თარიღი ეგზემპლარის სახეობა საჯარო შენიშვნა
          ბათუმის შოთა რუსთაველის სახელმწიფო უნივერსიტეტის მთავარი ბიბლიოთეკა ბათუმის შოთა რუსთაველის სახელმწიფო უნივერსიტეტის მთავარი ბიბლიოთეკა წიგნსაცავი 2025-10-17 0.36 329.150.1(479.22) : 631.115.71 წ-89 72712 2025-10-17 72712 2025-10-17 წიგნი 0.36 თ.